<?xml version="1.0" encoding="UTF-8"?>
<record
    xmlns:xsi="http://www.w3.org/2001/XMLSchema-instance"
    xsi:schemaLocation="http://www.loc.gov/MARC21/slim http://www.loc.gov/standards/marcxml/schema/MARC21slim.xsd"
    xmlns="http://www.loc.gov/MARC21/slim">

  <leader>01395nam a22002297a 4500</leader>
  <controlfield tag="003">OSt</controlfield>
  <controlfield tag="005">20241028150601.0</controlfield>
  <controlfield tag="008">241028b           ||||| |||| 00| 0 spa d</controlfield>
  <datafield tag="020" ind1=" " ind2=" ">
    <subfield code="a">9789585889170</subfield>
  </datafield>
  <datafield tag="040" ind1=" " ind2=" ">
    <subfield code="c">CO-Mq BPB</subfield>
  </datafield>
  <datafield tag="041" ind1=" " ind2=" ">
    <subfield code="a">spa</subfield>
  </datafield>
  <datafield tag="082" ind1=" " ind2=" ">
    <subfield code="a">JN</subfield>
    <subfield code="b">CHEn</subfield>
  </datafield>
  <datafield tag="100" ind1=" " ind2=" ">
    <subfield code="a">Cheng, Jack</subfield>
    <subfield code="e">autor</subfield>
  </datafield>
  <datafield tag="245" ind1=" " ind2=" ">
    <subfield code="a">Nos vemos en el cosmos</subfield>
  </datafield>
  <datafield tag="264" ind1=" " ind2=" ">
    <subfield code="a">Bogot&#xE1;, Colombia:</subfield>
    <subfield code="b">Penguin Random House,</subfield>
    <subfield code="c">2017</subfield>
  </datafield>
  <datafield tag="300" ind1=" " ind2=" ">
    <subfield code="a">319 p&#xE1;ginas:</subfield>
    <subfield code="b">Tapa rustica</subfield>
    <subfield code="c">21 cm</subfield>
  </datafield>
  <datafield tag="521" ind1=" " ind2=" ">
    <subfield code="a">Alex es un enamorado del cosmos y de las naves espaciales. Con solo once a&#xF1;os, su sue&#xF1;o es emular a Carl Sagan y mandar su iPod al espacio, como su h&#xE9;roe mand&#xF3; los discos de oro Sonidos de la Tierra a bordo de las naves Voyager en 1977.De Colorado a Nuevo M&#xE9;xico y de Las Vegas a L.A., Alex har&#xE1; grabaciones de la Tierra, su tierra. En su viaje, sin rumbo fijo, se encontrar&#xE1; con gente perdida, divertida y excepcional que de alguna manera lo preparar&#xE1; para enfrentarse a la verdad sobre la muerte de su padre. Alex aprender&#xE1; que, a pesar de tener una madre problem&#xE1;tica y un hermano casi siempre ausente, su familia est&#xE1; ah&#xED; para &#xE9;l, m&#xE1;s de lo que pensaba. El objetivo de Alex era alcanzar el cosmos, pero su destino final ser&#xE1; &#xE9;l mismo.</subfield>
  </datafield>
  <datafield tag="650" ind1=" " ind2=" ">
    <subfield code="a">Literatura juvenil</subfield>
  </datafield>
  <datafield tag="650" ind1=" " ind2=" ">
    <subfield code="a">Historia de felicidad, optimismo, determinaci&#xF3;n y coraz&#xF3;n</subfield>
  </datafield>
  <datafield tag="650" ind1=" " ind2=" ">
    <subfield code="a">Cosmos y naves espaciales </subfield>
  </datafield>
  <datafield tag="942" ind1=" " ind2=" ">
    <subfield code="2">ddc</subfield>
    <subfield code="c">BKLIT</subfield>
  </datafield>
  <datafield tag="999" ind1=" " ind2=" ">
    <subfield code="c">15741</subfield>
    <subfield code="d">15741</subfield>
  </datafield>
  <datafield tag="952" ind1=" " ind2=" ">
    <subfield code="0">0</subfield>
    <subfield code="1">0</subfield>
    <subfield code="2">ddc</subfield>
    <subfield code="4">0</subfield>
    <subfield code="7">0</subfield>
    <subfield code="8">LJ</subfield>
    <subfield code="a">BPMOS</subfield>
    <subfield code="b">BPMOS</subfield>
    <subfield code="c">FIC</subfield>
    <subfield code="d">2024-10-28</subfield>
    <subfield code="e">Donaci&#xF3;n</subfield>
    <subfield code="i">NT</subfield>
    <subfield code="l">1</subfield>
    <subfield code="o">JN CHEn</subfield>
    <subfield code="p">MOS503980</subfield>
    <subfield code="r">2024-11-19</subfield>
    <subfield code="s">2024-11-07</subfield>
    <subfield code="t">Ej.1</subfield>
    <subfield code="w">2024-10-28</subfield>
    <subfield code="y">BKLIT</subfield>
    <subfield code="z">Quince dias</subfield>
  </datafield>
</record>
